000 00486nam a2200181Ia 4500
005 20250508153259.0
008 008 250505s9999 xx 000 0 san d
037 _aTextual
040 _aFEDL
_beng
_cFEDL
041 _asan
_2eng
084 _a891.2, SHA
_qFEDL
100 _aHari Dutta Shastri
_9763606
245 0 _aSanskrit-kavyakar
260 _aMeerut, India
_bSahitya Bhandar
_c1962
300 _a596p
942 _cTEXL
_h891.2, SHA
999 _c1341713
_d1341713